00506nam a2200169Ia 4500001001000000003000500010008004100015010001100056040000900067082001900076100002300095245005400118260006000172300001100232650003900243710005400282Para_2453CHAP220125s1984 xx 000 0 und d a200987 cCHAP aPA 581.9093 T4 aThurston, H. David aTropical plant diseases /c by H. David Thurston aSt. Paul, Minn. :b American Phytopathological Society a208 p. aPlantas tropicales x Enfermedades aAmerican Phytopatological Society. St. Paul, Minn